000 00673nam a2200277Ia 4500
005 20260324130539.0
008 008 260324s9999 xx 000 0 eng d
020 _a9780203937747
037 _aEBOOK
040 _aCRL
040 _beng
040 _cCRL
041 _2eng
041 _aeng
084 _qCRL
100 _aChris Rowley; Saaidah Abdul-Rahman
_91182194
245 4 _aThe Changing Face of Management in South East Asia
260 _bTaylor and Francis
260 _c2007
365 _a
365 _b325
856 _uhttp://www.taylorfrancis.com/books/9780203937747
942 _cEBOOK
999 _c1778453
_d1778453